Länder mit der höchsten Lebenserwartung mit Ausnahmen - Statistiken

Allgemein
  • Dieses Quiz wurde 5.395 mal gespielt
  • Das Durchschnittsergebnis liegt bei 10 aus 18
Antwortstatistiken
Jahre Rang Land % Korrekt
84,7 3 Japan
95%
80,4 33 Vereinigte Staaten
90%
83,7 5 Kanada
86%
82,9 11 Australien
82%
82,8 12 Südkorea
80%
82,3 19 Neuseeland
76%
86,2 2 Singapur
71%
79,4 43 Vereinigte Arabische Emirate
52%
79,6 36 Katar
51%
81,0 32 Taiwan
51%
83,2 8 Israel
46%
79,6 37 Chile
45%
79,7 34 Bahrain
44%
78,9 45 Kuwait
40%
79,4 41 Kuba
34%
79,5 40 Panama
32%
79,4 41 Costa Rica
30%
79,5 38 Zypern
25%
Keine übereinstimmenden Quizze gefunden
Verteilung der Resultate
Anzahl Personen mit jedem Resultat
Perzentil nach korrekt beantworteten Fragen
Ihre Resultats-Entwicklung
Sie haben dieses Quiz noch nicht gespielt